00974 2200217 4500001002100000005001500021035002000036245007000056100002300126250000600149300004200155856000900197700001800206260002700224082000800251084001500259020001800274650001600292520043400308990001400742INLIS00000000000848820260415081040 a0010-04260001131 aManajemen Keuangan :bDilengkapi soal jawab /cLukas Setia Atmaja0 aLukas Setia Atmaja a- a455 hlm :bIlustrasi ;c29 x 21 cme- aUmum0 aAzis Rifianto aJakarta :bAndi,c2003 a658 a658 LUK m a979-732-097-3 4aImu Terapan aManajemen Keuangan.Buku manajemen Keuangan Edisi Revisi ini merupaka revisi dari buku manajemen Keuangan 1 di tambah materi buku manajemen keuangan 2 .Buku ini membahas teori teori keuanagan yang di perlukan dalam pembuatan keputusan keuangan perusahaan seperti : Keputusan pendanann, Keputusan infestasi dan keputusan individen serta konsep konsenp dasar teori keuangan seperti nilai waktu uang ,analisis resiko dan keuntungan. aIT2003234